Carlos V y los turcos en 1552 : (Record no. 113763)
[ view plain ]
| 000 -LEADER | |
|---|---|
| campo de control de longitud fija | 01260nam a2200313 i 4500 |
| 001 - NÚMERO DE CONTROL | |
| campo de control | 113763 |
| 003 - IDENTIFICADOR DE NÚMERO DE CONTROL | |
| campo de control | ES-MaACL |
| 005 - FECHA Y HORA DE LA ÚLTIMA TRANSACCIÓN | |
| campo de control | 20250805062424.0 |
| 007 - CAMPO FIJO DE DESCRIPCIÓN FÍSICA--INFORMACIÓN GENERAL | |
| campo de control de longitud fija | t| |
| 008 - DATOS DE LONGITUD FIJA--INFORMACIÓN GENERAL | |
| campo de control de longitud fija | 061121s1909 sp |||| | spa d |
| 040 ## - FUENTE DE CATALOGACIÓN | |
| Centro/agencia transcriptor | ES-MaACL |
| 080 ## - NÚMERO DE LA CLASIFICACIÓN DECIMAL UNIVERSAL | |
| Número de la Clasificación Decimal Universal | 327(460:560)"15" |
| 080 ## - NÚMERO DE LA CLASIFICACIÓN DECIMAL UNIVERSAL | |
| Número de la Clasificación Decimal Universal | 929 Carlos (460) I |
| 080 ## - NÚMERO DE LA CLASIFICACIÓN DECIMAL UNIVERSAL | |
| Número de la Clasificación Decimal Universal | 94(460)"1516/56" |
| 100 1# - ENTRADA PRINCIPAL--NOMBRE DE PERSONA | |
| Nombre de persona | Pacheco y de Leyva, Enrique, |
| Fechas asociadas al nombre | 1878-1924 |
| 9 (RLIN) | 88141 |
| Término indicativo de función/relación | Autor |
| 245 10 - MENCIÓN DEL TÍTULO | |
| Título | Carlos V y los turcos en 1552 : |
| Resto del título | la Jornada de Viena según un manuscrito inédito del siglo XVI existente en la Biblioteca del Escorial / |
| Mención de responsabilidad, etc. | por Enrique Pacheco y de Leyva. |
| 260 ## - PUBLICACIÓN, DISTRIBUCIÓN, ETC. | |
| Lugar de publicación, distribución, etc. | Madrid : |
| Nombre del editor, distribuidor, etc. | [s.n.], |
| Fecha de publicación, distribución, etc. | 1909 |
| Fabricante | (Imp. del Asilo de Huérfanos) |
| 300 ## - DESCRIPCIÓN FÍSICA | |
| Extensión | 78 páginas ; |
| Dimensiones | 24 cm. |
| 530 ## - NOTA DISPONIBLE DE FORMULARIO FÍSICO ADICIONAL | |
| Nota de formato físico adicional disponible | Disponible en formato digital |
| 594 ## - NOTA AL TITULO Y MENCION DE RESPONSABILIDAD | |
| Nota al título y mención de responsabilidad | Precede al tít.: Estudio histórico. |
| 600 04 - PUNTO DE ACCESO ADICIONAL DE MATERIA--NOMBRE DE PERSONA | |
| Nombre de persona | Carlos |
| Numeración | I, |
| Títulos y otros términos asociados al nombre | Rey de España |
| 9 (RLIN) | 35296 |
| 651 #4 - PUNTO DE ACCESO ADICIONAL DE MATERIA--NOMBRE GEOGRÁFICO | |
| Nombre geográfico | España- |
| Subdivisión general | Historia- |
| Subdivisión cronológica | 1516-1556, Carlos I. |
| 9 (RLIN) | 8224 |
| 651 #4 - PUNTO DE ACCESO ADICIONAL DE MATERIA--NOMBRE GEOGRÁFICO | |
| Nombre geográfico | España- |
| Subdivisión general | Relaciones- |
| Subdivisión geográfica | Turquía. |
| 9 (RLIN) | 8478 |
| 852 ## - LOCALIZACIÓN | |
| Ubicación | ES-MaACL |
| Ubicación en estantería | Depósito folletos |
| Número de control de estantería | T-1205-F-6 |
| 856 ## - LOCALIZACIÓN Y ACCESO ELECTRÓNICOS | |
| Identificador Uniforme de Recursos | <a href="https://bvpb.mcu.es/es/consulta/registro.do?id=577770">https://bvpb.mcu.es/es/consulta/registro.do?id=577770</a> |
| Texto de enlace | Versión en línea |
| Nota pública | (Biblioteca Virtual del Patrimonio Bibliográfico) |
| 942 ## - ELEMENTOS DE ENTRADA SECUNDARIOS (KOHA) | |
| Tipo de ítem Koha | Folleto |
| Suprimir en OPAC | No |
| Estatus retirado | Estado de pérdida | Estado de daño | No para préstamo | Colección | Biblioteca de origen | Biblioteca actual | Ubicación en estantería | Fecha de adquisición | Fuente de adquisición | Total de préstamos | Signatura topográfica completa | Código de barras | Visto por última vez | Precio de reemplazo | Tipo de ítem Koha |
|---|---|---|---|---|---|---|---|---|---|---|---|---|---|---|---|
| Colección de folletos | Biblioteca del Ateneo de Madrid | Biblioteca del Ateneo de Madrid | Depósito folletos | 17/01/2008 | T-1205-F-6 | 1118646 | 23/02/2023 | 23/02/2023 | Folleto |
